000 00579nam a2200193Ia 4500
003 PILC
005 20160218084353.0
008 140609s9999 xx 000 0 und d
020 _a9781133310099
050 _aBJ 1031
_b.H56 2013
100 _aHinman, Lawrence M.
245 _aEthics :
_ba pluralistic approach to moral theory /
_cLawrence M. Hinman.
250 _a5th edition.
260 _aBoston, MA :
_bWadsworth Pub Co,
_c2013.
300 _a376 pages :
_billustrations ;
_c24 cm.
500 _aIncludes glossary and index.
942 _kFOR
_cBK
_2lcc
999 _c118202
_d118202